000 00649pab a2200205 454500
008 180718b2004 xxu||||| |||| 00| 0 eng d
100 _aSahney, S.
245 _aIdentification of elements of total quality management for the educational system: a study of select engneering and management institutions of India
260 _c2004
300 _ap.11-24.
362 _aJan-Jun
650 _aTechnical education - India
650 _aTotal quality management - India
650 _aEngineering education - India
650 _aEngineering education
700 _aKaruness, S.
700 _aBanwet, D.K.
773 _aVision
909 _a62126
999 _c62126
_d62126